[Event "Stader SV-SF Paderborn 2000"]
[Site "DVM U14 in Arendsee"]
[Date "2009.12.29"]
[Round "5.3"]
[White "Kuckling, Jonas"]
[Black "Schwarz, Nico"]
[Result "1/2-1/2"]
[WhiteElo "1497"]
[BlackElo "1341"]
[PlyCount "139"]
[EventDate "2009.??.??"]
[WhiteTeam "SF Paderborn 2000"]
[BlackTeam "Stader SV"]

1. d4 {[%emt 0:00:00]} d5 2. c4 c6 3. Nf3 Nf6 4. Nc3 Bf5 5. Bg5 e6 6. Rc1 Bb4
7. e3 Nbd7 8. Be2 Qa5 9. Qb3 Ne4 10. Bf4 O-O 11. O-O Bxc3 12. bxc3 Qb6 13. Qa3
Qd8 14. cxd5 exd5 15. c4 dxc4 16. Bxc4 Nb6 17. Bd3 Re8 18. Ne5 Nd6 19. Bxf5
Nxf5 20. Nf3 Nd5 21. Bg5 f6 22. Bh4 Nxh4 23. Nxh4 Kh8 24. Nf5 Qd7 25. Ng3 Qe7
26. Qb3 Nb6 27. Ne2 Rad8 28. Nc3 Qd6 29. Na4 Nxa4 30. Qxa4 a6 31. Rb1 Rd7 32.
Rb2 Re4 33. Rfb1 Qe7 34. Rb6 c5 35. Qa5 cxd4 36. Rxb7 Rxb7 37. Rxb7 Qe8 38. h3
dxe3 39. fxe3 Rxe3 40. Qc5 h6 41. Ra7 Re1+ 42. Kh2 Qb8+ 43. Rc7 Re8 44. Qd6 Qd8
45. Qxd8 Rxd8 46. Ra7 Rd6 47. a4 Kh7 48. Kg3 Kg6 49. Kf3 Re6 50. Kf4 f5 51. a5
Kf6 52. Rb7 g5+ 53. Kf3 Ke5 54. Rf7 Rf6 55. Rd7 Rd6 56. Rf7 Rd5 57. Rh7 Rxa5
58. Rxh6 Ra3+ 59. Kf2 Kf4 60. Rc6 Ra2+ 61. Kf1 a5 62. Rc3 a4 63. g3+ Ke4 64.
Rc8 Kd3 65. h4 gxh4 66. gxh4 f4 67. h5 Rh2 68. Ra8 Rxh5 69. Rxa4 Rh2 70. Rxf4
1/2-1/2

[Event "Stader SV-SF Paderborn 2000"]
[Site "DVM U14 in Arendsee"]
[Date "2009.12.29"]
[Round "5.4"]
[White "Vöge, Tobias"]
[Black "Gehle, Philipp"]
[Result "0-1"]
[WhiteElo "1488"]
[BlackElo "1379"]
[PlyCount "74"]
[EventDate "2009.??.??"]
[WhiteTeam "Stader SV"]
[BlackTeam "SF Paderborn 2000"]

1. d4 d5 2. c4 c6 3. Nc3 Nf6 4. Bg5 e6 5. Nf3 Be7 6. e3 h6 7. Bh4 Nfd7 8. Bxe7
Qxe7 9. cxd5 cxd5 10. Bd3 Nf6 11. O-O Nc6 12. Rc1 O-O 13. Re1 Bd7 14. Bb1 Rac8
15. a3 Na5 16. Ne5 Nc4 17. Nxc4 Rxc4 18. Qd3 Rfc8 19. Qd2 a6 20. Bd3 R4c7 21.
e4 dxe4 22. Nxe4 Bc6 23. Nxf6+ Qxf6 24. Bb1 Rd8 25. Red1 Rcd7 26. Qd3 Rxd4 27.
Qh7+ Kf8 28. Re1 Qg5 29. g3 Qd5 30. Be4 Rxe4 31. Qxe4 Qxe4 32. Rxe4 Bxe4 33.
Kf1 Rd2 34. Rc8+ Ke7 35. Rc7+ Kf6 36. b3 Bf3 37. Ke1 Rd1# 0-1

[Event "SC Reti Heusweiler-SC Einheit Bautzen"]
[Site "DVM U14 in Arendsee"]
[Date "2009.12.29"]
[Round "5.1"]
[White "Hase, Albert"]
[Black "Grewenig, Jan"]
[Result "0-1"]
[WhiteElo "1564"]
[BlackElo "1802"]
[PlyCount "42"]
[EventDate "2009.??.??"]
[WhiteTeam "SC Einheit Bautzen"]
[BlackTeam "SC Reti Heusweiler"]

1. d4 {[%emt 0:00:00]} Nf6 2. c4 c5 3. d5 b5 4. cxb5 a6 5. b6 d6 6. Nc3 Nbd7 7.
e4 g6 8. Bg5 Qxb6 9. Qd2 Bg7 10. Rb1 O-O 11. Bh6 e6 12. Bxg7 Kxg7 13. Bc4 Ne5
14. Bd3 Nxd3+ 15. Qxd3 exd5 16. exd5 Bf5 17. Qd2 Bxb1 18. Nxb1 Rab8 19. b3 Qb4
20. Nc3 Ne4 21. Nxe4 Qxe4+ 0-1

[Event "SV Balingen-SV Empor Erfurt"]
[Site "DVM U14 in Arendsee"]
[Date "2009.12.29"]
[Round "5.1"]
[White "Urban, Lars"]
[Black "Geiger, Markus"]
[Result "1/2-1/2"]
[WhiteElo "1808"]
[BlackElo "1504"]
[PlyCount "92"]
[EventDate "2009.??.??"]
[WhiteTeam "SV Empor Erfurt"]
[BlackTeam "SV Balingen"]

1. d4 {[%emt 0:00:00]} e6 2. c4 d5 3. Nc3 Nf6 4. Bg5 c5 5. cxd5 exd5 6. Nf3 Be6
7. e3 Bd6 8. dxc5 Bxc5 9. Bb5+ Nc6 10. O-O O-O 11. a3 Rc8 12. Rc1 Be7 13. Nd4
Nxd4 14. Qxd4 Bc5 15. Qd1 a6 16. Be2 Be7 17. Bf3 Qb6 18. Qd2 Rfd8 19. Bxf6 Bxf6
20. Nxd5 Bxd5 21. Rxc8 Rxc8 22. Qxd5 Bxb2 23. Qxb7 Qxb7 24. Bxb7 Rb8 25. Bxa6
Bxa3 26. g3 Rd8 27. Kg2 g6 28. Kf3 Kg7 29. Ra1 Bb2 30. Rb1 Be5 31. Rb7 h6 32.
Bc4 Rf8 33. Ke4 Bf6 34. f4 Re8+ 35. Kf3 Re7 36. Rb3 h5 37. e4 Rc7 38. Rb4 Be7
39. Ra4 Bf8 40. e5 Bc5 41. h4 Be7 42. Ke4 Bc5 43. Kd5 Bf2 44. Kd6 Rc8 45. Kd7
Rc5 46. Kd6 Rc8 1/2-1/2

[Event "SV Balingen-SV Empor Erfurt"]
[Site "DVM U14 in Arendsee"]
[Date "2009.12.29"]
[Round "5.2"]
[White "Gomer, Dieter"]
[Black "Lorenz, Erik"]
[Result "0-1"]
[WhiteElo "1249"]
[BlackElo "1576"]
[PlyCount "76"]
[EventDate "2009.??.??"]
[WhiteTeam "SV Balingen"]
[BlackTeam "SV Empor Erfurt"]

1. d4 {[%emt 0:00:00]} d5 2. c4 e6 3. Nc3 Nf6 4. Nf3 Nbd7 5. Bf4 Be7 6. Nb5
Bb4+ 7. Bd2 Bxd2+ 8. Qxd2 a6 9. Nc3 dxc4 10. e4 O-O 11. Bxc4 b5 12. Bd3 c5 13.
e5 cxd4 14. Ne4 Nxe4 15. Bxe4 Rb8 16. Qxd4 Bb7 17. Bxb7 Rxb7 18. h4 Nb6 19. Qe4
Qd5 20. Qg4 Nc4 21. Qg3 Qe4+ 22. Kf1 Rd8 23. Kg1 Nxb2 24. h5 Rbd7 25. Re1 Rd1
26. Kh2 Rxe1 27. Rxe1 Qf5 28. Qh4 Rd7 29. Re4 h6 30. Rf4 Qb1 31. g4 Qf1 32. g5
Rd1 33. Kg3 Nd3 34. Rd4 Qxf2+ 35. Kg4 Nxe5+ 36. Kf4 Rxd4+ 37. Kxe5 Rxh4 38.
Nxh4 Qxh4 0-1

[Event "SV Balingen-SV Empor Erfurt"]
[Site "DVM U14 in Arendsee"]
[Date "2009.12.29"]
[Round "5.3"]
[White "Schneider, Jan"]
[Black "Ilitsch, Marc"]
[Result "1-0"]
[WhiteElo "1524"]
[BlackElo "1171"]
[PlyCount "115"]
[EventDate "2009.??.??"]
[WhiteTeam "SV Empor Erfurt"]
[BlackTeam "SV Balingen"]

1. d4 {[%emt 0:00:00]} d5 2. c4 Nf6 3. Nc3 e6 4. Bg5 Bb4 5. Nf3 O-O 6. e3 c6 7.
Bd3 Nbd7 8. O-O b6 9. Qc2 Qc7 10. a3 Bd6 11. cxd5 exd5 12. b4 Bb7 13. Rac1 Rac8
14. Bf5 Rcd8 15. Nb5 Qb8 16. Nxd6 Qxd6 17. Bxf6 Nxf6 18. Ne5 Ba6 19. Rfe1 g6
20. Bh3 Bc8 21. Qxc6 Bxh3 22. Qxd6 Rxd6 23. gxh3 Rfd8 24. Rc7 a6 25. Nxf7 R8d7
26. Rxd7 Rxd7 27. Ne5 Rc7 28. a4 Ne4 29. f3 Nc3 30. a5 b5 31. Kf1 Na2 32. Rb1
Rc1+ 33. Rxc1 Nxc1 34. Nc6 Na2 35. Ne7+ Kf7 36. Nxd5 Ke6 37. e4 Kd6 38. Ke1 Nc1
39. Kd2 Nb3+ 40. Kc3 Nc1 41. Nf6 h6 42. Ng4 Ne2+ 43. Kd3 Ng1 44. Ke3 Nxh3 45.
Nxh6 Ke6 46. Ng4 Ng5 47. Ne5 Kf6 48. Nd7+ Ke7 49. Nc5 Ne6 50. Nxa6 Kd6 51. Nc5
Nc7 52. d5 g5 53. Ne6 Na6 54. Nxg5 Nxb4 55. Ne6 Na6 56. Nd4 b4 57. h4 Nc5 58.
h5 1-0

[Event "SG Grün-Weiß Dresden-SV Welper 1922"]
[Site "DVM U14 in Arendsee"]
[Date "2009.12.29"]
[Round "5.1"]
[White "Adiyaman, Rene"]
[Black "Schnoor, Friedrich"]
[Result "0-1"]
[WhiteElo "1636"]
[BlackElo "1598"]
[PlyCount "76"]
[EventDate "2009.??.??"]
[WhiteTeam "SV Welper 1922"]
[BlackTeam "SG Grün-Weiß Dresden"]

1. e4 {[%emt 0:00:00]} c5 2. Nf3 d6 3. d4 cxd4 4. Nxd4 Nf6 5. Nc3 a6 6. Bg5 e6
7. Be2 Be7 8. Qd2 O-O 9. Nb3 b5 10. Bf3 Bb7 11. Qe3 Nc6 12. h4 Ne5 13. Be2 b4
14. Na4 Nxe4 15. f4 Nd7 16. O-O-O Nef6 17. Bf3 Qc7 18. Nd4 Nc5 19. Bxb7 Qxb7
20. Nxc5 dxc5 21. Nf3 Rac8 22. Ne5 Rc7 23. Qd3 Qb5 24. Qg3 Kh8 25. f5 Qa5 26.
Nc4 Qxa2 27. Bxf6 Bxf6 28. Qxc7 Qxc4 29. fxe6 Qa2 30. Qxc5 Bxb2+ 31. Kd2 Bc3+
32. Ke2 Qxe6+ 33. Kf1 Re8 34. Qf2 Qc4+ 35. Kg1 h6 36. Rd3 Re1+ 37. Kh2 Be5+ 38.
g3 Qxh4+ 0-1

[Event "SG Grün-Weiß Dresden-SV Welper 1922"]
[Site "DVM U14 in Arendsee"]
[Date "2009.12.29"]
[Round "5.2"]
[White "Schrell, Konrad"]
[Black "Schaller, Fabian"]
[Result "1/2-1/2"]
[WhiteElo "1539"]
[BlackElo "1515"]
[PlyCount "95"]
[EventDate "2009.??.??"]
[WhiteTeam "SG Grün-Weiß Dresden"]
[BlackTeam "SV Welper 1922"]

1. e4 e6 2. d4 d5 3. Nd2 Nf6 4. e5 Nfd7 5. c3 c5 6. Bd3 Nc6 7. Ne2 Qb6 8. Nf3
f6 9. exf6 Nxf6 10. O-O cxd4 11. cxd4 Bd6 12. Bf4 Qc7 13. g3 O-O 14. Rc1 Qb8
15. Re1 Nh5 16. Bxd6 Qxd6 17. Ne5 Nxe5 18. dxe5 Qb6 19. Nd4 g6 20. Be2 Ng7 21.
Qd2 Bd7 22. b3 Rf7 23. Bg4 Raf8 24. Rf1 Bb5 25. Nxb5 Qxb5 26. Kg2 Qb6 27. f4
Rd8 28. Rc3 Rdd7 29. Rc8+ Rf8 30. Rxf8+ Kxf8 31. Rc1 Rc7 32. Rxc7 Qxc7 33. Kf1
Qc5 34. Kg2 Kf7 35. Qf2 Qxf2+ 36. Kxf2 a6 37. Ke3 Ke7 38. Kd4 b6 39. b4 Kd7 40.
h4 Kc6 41. a4 h6 42. Be2 Nf5+ 43. Kc3 a5 44. Bb5+ Kc7 45. bxa5 Nxg3 46. axb6+
Kxb6 47. Kd3 Ne4 48. Be8 1/2-1/2

[Event "SG Grün-Weiß Dresden-SV Welper 1922"]
[Site "DVM U14 in Arendsee"]
[Date "2009.12.29"]
[Round "5.3"]
[White "Marx, Patrick"]
[Black "Lang, Sebastian"]
[Result "1/2-1/2"]
[WhiteElo "1374"]
[BlackElo "1182"]
[PlyCount "32"]
[EventDate "2009.??.??"]
[WhiteTeam "SV Welper 1922"]
[BlackTeam "SG Grün-Weiß Dresden"]

1. d4 {[%emt 0:00:00]} d5 {[%emt 0:00:00]} 2. Nf3 Nf6 3. Bg5 Ne4 4. Bh4 c6 5.
e3 Bf5 6. Nbd2 Nd7 7. Nxe4 Bxe4 8. Bd3 Bg6 9. O-O Qb6 10. Bxg6 hxg6 11. Qc1 e6
12. Bg3 Nf6 13. c3 Ne4 14. Qc2 Bd6 15. Bxd6 Nxd6 16. Nd2 Qc7 1/2-1/2

[Event "SG Grün-Weiß Dresden-SV Welper 1922"]
[Site "DVM U14 in Arendsee"]
[Date "2009.12.29"]
[Round "5.4"]
[White "Lorenz, Wenzel"]
[Black "Krummsdorf, Sven"]
[Result "0-1"]
[WhiteElo "1128"]
[BlackElo "1538"]
[PlyCount "70"]
[EventDate "2009.??.??"]
[WhiteTeam "SG Grün-Weiß Dresden"]
[BlackTeam "SV Welper 1922"]

1. e4 {[%emt 0:00:00]} d5 2. exd5 Qxd5 3. Nc3 Qa5 4. d4 Nf6 5. Nf3 Bg4 6. Bc4
Nbd7 7. O-O e6 8. Bd2 c6 9. Nd5 Qd8 10. Ne3 Bh5 11. Bd3 Qc7 12. c4 Bd6 13. a3
O-O 14. Bb4 c5 15. dxc5 Bxh2+ 16. Kh1 Rfd8 17. Be2 Bf4 18. Bd2 Bxe3 19. Bxe3
Ng4 20. Qd6 Qc8 21. Qg3 Nxe3 22. fxe3 Qxc5 23. Bd3 Bxf3 24. Qxf3 Ne5 25. Qxb7
Nxd3 26. Qxf7+ Kh8 27. Qxe6 Nxb2 28. Rf7 Re8 29. Qg4 Rg8 30. Rb1 Qxe3 31. c5
Qxc5 32. Re1 Nd3 33. Qg3 Nxe1 34. Qxe1 Qh5+ 35. Kg1 Qxf7 0-1

[Event "SC Eppingen-Treptower SV 1949"]
[Site "DVM U14 in Arendsee"]
[Date "2009.12.29"]
[Round "5.1"]
[White "Pixa, Richard"]
[Black "Noe, Christopher"]
[Result "0-1"]
[WhiteElo "1671"]
[BlackElo "1930"]
[PlyCount "116"]
[EventDate "2009.??.??"]
[WhiteTeam "Treptower SV 1949"]
[BlackTeam "SC Eppingen"]

1. e4 c5 2. Nf3 e6 3. d4 cxd4 4. Nxd4 Nf6 5. Nc3 Nc6 6. g3 Bb4 7. Bg2 Qa5 8.
Qd3 Ne5 9. Qe3 Nfg4 10. Qd2 Nc4 11. Nb3 Nxd2 12. Nxa5 Nxe4 13. Bxe4 Bxa5 14.
Bd2 d5 15. Bg2 O-O 16. O-O Bd7 17. Rad1 Bb6 18. h3 Nf6 19. Bg5 Rac8 20. Bxf6
gxf6 21. Rc1 Rc7 22. Ne2 Rfc8 23. c3 Bb5 24. Rfe1 d4 25. cxd4 Rxc1 26. Rxc1
Rxc1+ 27. Nxc1 Bxd4 28. Bxb7 Bxb2 29. Nb3 Bc3 30. Kg2 a5 31. Be4 a4 32. Nc5 Bd4
33. Bd3 Bc6+ 34. Be4 Be8 35. Nd3 f5 36. Bb7 Bb5 37. Nb4 Kf8 38. f3 Bc5 39. Bc6
Bc4 40. Nc2 a3 41. g4 Bxa2 42. gxf5 exf5 43. Bd7 Be6 44. Bb5 a2 45. Bd3 Bd4 46.
Kg3 Bb3 47. Nxd4 a1=Q 48. Nxb3 Qc3 49. Bxf5 Qxb3 50. Bxh7 Kg7 51. Be4 Qe3 52.
Kg4 Qg1+ 53. Kf4 Kh6 54. h4 Kh5 55. Ke5 Qg7+ 56. Kd5 Kxh4 57. Kc4 Kg3 58. Kd3
Kf4 0-1

[Event "SC Eppingen-Treptower SV 1949"]
[Site "DVM U14 in Arendsee"]
[Date "2009.12.29"]
[Round "5.2"]
[White "Hahn, Cedric"]
[Black "Döring, André Patrick"]
[Result "0-1"]
[WhiteElo "1387"]
[BlackElo "1554"]
[PlyCount "66"]
[EventDate "2009.??.??"]
[WhiteTeam "SC Eppingen"]
[BlackTeam "Treptower SV 1949"]

1. e4 {[%emt 0:00:00]} d5 2. exd5 Qxd5 3. Nc3 Qd6 4. Nf3 Nf6 5. Bc4 a6 6. d4 b5
7. Bd3 Bb7 8. Be3 e6 9. O-O Nbd7 10. Re1 Be7 11. Bf1 Nb6 12. Ne5 Nbd7 13. Nxd7
Qxd7 14. h3 Rd8 15. Ne2 Nd5 16. c3 Nxe3 17. fxe3 Bh4 18. g3 Bg5 19. Nf4 Bxf4
20. exf4 Qd5 21. Re3 Qh1+ 22. Kf2 Qh2+ 23. Ke1 Qxb2 24. a4 c5 25. Rb1 Qa2 26.
axb5 cxd4 27. cxd4 Rxd4 28. Qxd4 Qxb1+ 29. Kf2 O-O 30. bxa6 Qa2+ 31. Re2 Qxa6
32. Rb2 Qc6 33. Rb3 Qc2+ 0-1

[Event "SC Eppingen-Treptower SV 1949"]
[Site "DVM U14 in Arendsee"]
[Date "2009.12.29"]
[Round "5.3"]
[White "Tran, Khoa Anh Le"]
[Black "Essig, Philipp"]
[Result "1-0"]
[WhiteElo "1481"]
[BlackElo "1049"]
[PlyCount "157"]
[EventDate "2009.??.??"]
[WhiteTeam "Treptower SV 1949"]
[BlackTeam "SC Eppingen"]

1. e4 {[%emt 0:00:00]} e6 2. d4 d5 3. exd5 exd5 4. Bd3 Bd6 5. Nf3 Nf6 6. O-O
O-O 7. Bg5 Bg4 8. Nbd2 Nbd7 9. c3 c6 10. Qc2 Qc7 11. Rfe1 Rfe8 12. b3 b6 13.
Rad1 Rad8 14. c4 dxc4 15. bxc4 c5 16. d5 h6 17. Bh4 Bf4 18. Bg3 Bxg3 19. hxg3
Bxf3 20. Nxf3 Ne5 21. Nxe5 Rxe5 22. Qc3 Rxe1+ 23. Rxe1 Re8 24. Kf1 Kf8 25.
Rxe8+ Kxe8 26. Qb3 Ke7 27. Qb2 Kd6 28. f4 Ng4 29. Qxg7 h5 30. Qf8+ Qe7 31.
Qxe7+ Kxe7 32. Ke2 Nf6 33. Bf5 b5 34. Kd3 bxc4+ 35. Kxc4 Kd6 36. Kd3 Nxd5 37.
a3 a5 38. Be4 Nb6 39. Bf3 c4+ 40. Kd4 f6 41. Bxh5 Kc6 42. Bf7 Kb5 43. Be8+ Ka6
44. a4 Kb7 45. Bb5 c3 46. Kxc3 Nd5+ 47. Kd4 Nc7 48. Bc4 Kb6 49. g4 Ne8 50. Kd5
Ng7 51. Kd6 f5 52. gxf5 Nxf5+ 53. Ke5 Ne3 54. Bd5 Ng4+ 55. Kd4 Nf6 56. Be6 Ne8
57. g4 Nc7 58. Bc4 Kc6 59. g5 Kd6 60. f5 Ke7 61. f6+ Kf8 62. g6 Ne8 63. g7+
Nxg7 64. fxg7+ Kxg7 65. Kc5 Kf6 66. Kb5 Ke7 67. Kxa5 Kd7 68. Kb6 Kd6 69. a5 Kd7
70. Kb7 Kd6 71. a6 Kc5 72. Bf1 Kd6 73. a7 Kd5 74. a8=Q Kc5 75. Qc8+ Kb4 76. Kb6
Kb3 77. Kb5 Ka3 78. Qc1+ Ka2 79. Bc4# 1-0

[Event "SC Eppingen-Treptower SV 1949"]
[Site "DVM U14 in Arendsee"]
[Date "2009.12.29"]
[Round "5.4"]
[White "Schückler, Jan"]
[Black "Klodt, Nicolas"]
[Result "1-0"]
[WhiteElo "869"]
[BlackElo "1192"]
[PlyCount "92"]
[EventDate "2009.??.??"]
[WhiteTeam "SC Eppingen"]
[BlackTeam "Treptower SV 1949"]

1. e4 {[%emt 0:00:00]} e5 2. Nf3 Nc6 3. Bc4 Bc5 4. Nc3 Nf6 5. d3 d6 6. O-O Be6
7. Qe2 Bg4 8. Be3 Bb6 9. Bxb6 axb6 10. Qe3 Qd7 11. h3 Bxh3 12. gxh3 Qxh3 13.
Nh2 Qh4 14. Qf3 Qh6 15. Qe3 g5 16. Nd5 Nxd5 17. Bxd5 Qg6 18. Qf3 Nd4 19. Qd1
Nc6 20. Bxc6+ bxc6 21. f3 h5 22. d4 g4 23. fxg4 hxg4 24. dxe5 g3 25. Ng4 Kf8
26. exd6 Qh7 27. Qf3 Rg8 28. Qxg3 Qh5 29. Rf4 Qc5+ 30. Rf2 Qh5 31. Rf4 Qc5+ 32.
Kf1 Qb5+ 33. Qd3 Qg5 34. Qe3 Qb5+ 35. Kf2 cxd6 36. e5 Qxb2 37. Rh1 Qxc2+ 38.
Kf3 Rxa2 39. Qxb6 Qg2+ 40. Ke3 Qe2+ 41. Kd4 Rd2+ 42. Kc3 Qd3+ 43. Kb4 Rb2+ 44.
Ka5 Rxb6 45. Kxb6 Qd4+ 46. Rxd4 dxe5 1-0